000 00493nam a2200193Ia 4500
008 170918s9999 xx 000 0 und d
020 _a9789810896263
050 _bA681bo 2004
100 _aArena, Felice
245 _aRotten school day
245 _cby Felice Arena and Phil Kettle ; illustrated by Gus Gordon.
260 _aNew York :
260 _bScholastic,
260 _c2004
300 _a43 pages :
300 _billustrations ;
300 _c20cm.
300 _eBoyz rule!
999 _c344075
_d344075